Riconosci il Paese da Street View - Statistics

Statistiche generali
  • Questo quiz è stato fatto 36 volte
  • Il punteggio medio è 4 su 13
Statistiche sulle risposte
con Immagini Risposta % Corretto
Stati Uniti
87%
Danimarca
74%
Spagna
74%
Taiwan
32%
Thailandia
32%
Tunisia
32%
Cuba
29%
Serbia
23%
Arabia Saudita
19%
Polonia
16%
Senegal
13%
Ecuador
10%
Georgia
6%
Nessun quiz corrispondente trovato
Distribuzione punteggi
Percentuale di utenti per punteggio
Percentile per numero di risposta
I tuoi punteggi nel tempo
Non hai fatto questo quiz